000 00293nam a2200121Ia 4500
008 190216s9999||||xx |||||||||||||| ||und||
100 _aKorshak V V
245 0 _aAdvances In Polymer Chemistry
260 _bMir Publishers
_c1986
300 _a245p
650 _aChemistry-Chemistry
942 _cBK
999 _c2760
_d2760